| 000 | 00473nam a22001697a 4500 | ||
|---|---|---|---|
| 999 |
_c61776 _d61776 |
||
| 005 | 20240501131438.0 | ||
| 008 | 240501s1977 fr ||||| |||| 00| 0 fre d | ||
| 041 | _afre | ||
| 080 | _a616.89 P-21 | ||
| 100 |
_aPankow, Gisela _922023 |
||
| 245 |
_aStructure familiale et psychose / _cGisela Pankow. |
||
| 264 |
_aParis: _bAubier Montaigne, _c1977. |
||
| 300 |
_a206 p.; _b22 cm. |
||
| 653 | _aფსიქოზი | ||
| 653 | _aმედიცინა | ||
| 942 |
_2udc _cBK |
||